[Event "16th EUR-ch"]
[Site "Jerusalem ISR"]
[Date "2015.03.08"]
[Round "11"]
[White "Zalkind, Konstantin"]
[Black "Murey, Jacob"]
[Result "1/2-1/2"]
[WhiteElo "2222"]
[BlackElo "2428"]
[EventDate "2015.02.24"]
[PlyCount "116"]

1.d4 e6 2.c4 Bb4+ 3.Nd2 d5 4.Nf3 c6 5.e3 Nd7 6.a3 Be7 7.Bd3 f5 8.b4 a5 9.
b5 a4 10.O-O Ngf6 11.Bb2 h6 12.Ne5 cxb5 13.cxd5 Nxe5 14.dxe5 Nxd5 15.Bxb5+
Bd7 16.Qh5+ Kf8 17.Bxd7 Qxd7 18.Nc4 Kg8 19.Rfd1 Qe8 20.Qf3 Kh7 21.Nd6 Bxd6
22.exd6 Rf8 23.Rac1 Ra5 24.Be5 Rf7 25.e4 fxe4 26.Qxe4+ Kg8 27.h3 Rd7 28.
Rc2 Ra8 29.Rdc1 b5 30.f4 Rb8 31.Rc5 g6 32.Ba1 Kh7 33.Qe5 Rf7 34.Re1 Qd7 
35.Qxe6 Qxe6 36.Rxe6 Nxf4 37.Re3 g5 38.Bc3 Rd8 39.Rc7 Kg6 40.g3 Nxh3+ 41.
Kg2 Rxd6 42.Rxf7 Kxf7 43.Kxh3 h5 44.Kg2 Kg6 45.Re5 Rd3 46.Bb4 Rb3 47.Rc5 
g4 48.Rc2 Kf5 49.Re2 Rd3 50.Re8 Rb3 51.Bd6 Rd3 52.Bf4 Rxa3 53.Re5+ Kg6 54.
Rxb5 Ra2+ 55.Kf1 a3 56.Ra5 Rh2 57.Kg1 Rh3 58.Kg2 h4 1/2-1/2

[Event "16th EUR-ch"]
[Site "Jerusalem ISR"]
[Date "2015.03.08"]
[Round "11"]
[White "Marusenko, Petr"]
[Black "Ferreira, Jorge Viterbo"]
[Result "0-1"]
[WhiteElo "2205"]
[BlackElo "2427"]
[EventDate "2015.02.24"]
[PlyCount "88"]

1.d4 g6 2.c4 Bg7 3.g3 c5 4.Nf3 cxd4 5.Nxd4 Nc6 6.Nb3 a5 7.a4 b6 8.Bg2 Bb7 
9.O-O d6 10.Nc3 Nf6 11.Nd4 Rc8 12.Ndb5 O-O 13.Be3 Nd7 14.b3 Nc5 15.Rb1 Ba8
16.Qd2 Nb4 17.Bxa8 Rxa8 18.Bh6 Bxh6 19.Qxh6 Qd7 20.Rfd1 Rac8 21.Rd4 f6 22.
h4 Ne6 23.Rd2 f5 24.Qe3 f4 25.Qxb6 fxg3 26.fxg3 Nc5 27.Nd4 Qh3 28.Nf3 Rb8 
29.Qxa5 Nc6 30.Qc7 Qxg3+ 31.Kf1 Rfc8 32.Qxc8+ Rxc8 33.b4 Ne6 34.Nd5 Rf8 
35.Rb3 Ned4 36.Nxe7+ Kh8 37.Nxc6 Nxb3 38.Rd3 Nc1 39.Re3 Nxe2 40.Kxe2 Qg2+ 
41.Kd3 Rxf3 42.b5 Qf1+ 43.Ke4 Rxe3+ 44.Kxe3 Qxc4 0-1

[Event "16th EUR-ch"]
[Site "Jerusalem ISR"]
[Date "2015.03.08"]
[Round "11"]
[White "Gamayev, Oleg"]
[Black "Sipila, Vilka"]
[Result "1-0"]
[WhiteElo "2204"]
[BlackElo "2425"]
[EventDate "2015.02.24"]
[PlyCount "103"]

1.g3 f5 2.Bg2 Nf6 3.d4 e6 4.c3 Be7 5.b3 O-O 6.Nf3 d6 7.O-O Ne4 8.Nfd2 Nxd2
9.Qxd2 e5 10.dxe5 dxe5 11.Rd1 e4 12.Ba3 Qxd2 13.Rxd2 c5 14.Bb2 Nc6 15.Na3 
Ne5 16.Nc2 Be6 17.c4 Bg5 18.Rd6 Nxc4 19.bxc4 Bxc4 20.f3 Rad8 21.Rad1 Bxe2 
22.Rxd8 Bxd8 23.Rd7 Bf6 24.Bxf6 Rxf6 25.fxe4 fxe4 26.Bxe4 b5 27.Rxa7 g6 
28.Rc7 Bc4 29.Rxc5 Rf1+ 30.Kg2 Rd1 31.a4 Rb1 32.axb5 Bxb5 33.Na3 Rb2+ 34.
Rc2 Rb4 35.Nxb5 Rxb5 36.h4 Rb4 37.Kf3 Rb3+ 38.Kf4 Rb4 39.Rc7 Rb5 40.Rd7 
Rb4 41.h5 gxh5 42.Ke5 h6 43.Bd5+ Kh8 44.Kf6 Rb8 45.Be6 Re8 46.Bf5 h4 47.
Rh7+ Kg8 48.Rxh6 Rf8+ 49.Kg6 Re8 50.Rxh4 Re3 51.Kf6 Kf8 52.Rh8# 1-0

[Event "16th EUR-ch"]
[Site "Jerusalem ISR"]
[Date "2015.03.08"]
[Round "11"]
[White "Katzir, Moshe"]
[Black "Sarana, Alexey"]
[Result "0-1"]
[WhiteElo "2196"]
[BlackElo "2419"]
[EventDate "2015.02.24"]
[PlyCount "100"]

1.e4 c5 2.Nf3 d6 3.d4 cxd4 4.Qxd4 Nc6 5.Bb5 Bd7 6.Qd3 g6 7.O-O Bg7 8.c4 
Nf6 9.h3 O-O 10.Nc3 a6 11.Bxc6 Bxc6 12.Nd4 Nd7 13.Be3 Rc8 14.Rac1 Nc5 15.
Qc2 Ne6 16.Nxe6 fxe6 17.Rfd1 Qa5 18.Qb3 Bxc3 19.Rxc3 Bxe4 20.c5 Bd5 21.
Rxd5 exd5 22.Qxd5+ Rf7 23.Qxb7 Qd8 24.c6 e5 25.Qxa6 d5 26.c7 Qd7 27.Bb6 d4
28.Rb3 Qe6 29.Qe2 e4 30.Bxd4 Rfxc7 31.Bc3 Re8 32.Qe3 Rd7 33.Rb4 Qxa2 34.
Rd4 Qe6 35.f3 Qb6 36.Kf2 Rxd4 37.Bxd4 Qb7 38.Qc3 Qf7 39.b4 exf3 40.gxf3 
Qa2+ 41.Kg3 Qd5 42.h4 Kf7 43.Qc7+ Re7 44.Qf4+ Ke6 45.Bc5 Rf7 46.Qg4+ Rf5 
47.Kg2 Kd7 48.Be3 Kc6 49.Kf2 Kb5 50.Bd4 h5 0-1

[Event "16th EUR-ch"]
[Site "Jerusalem ISR"]
[Date "2015.03.08"]
[Round "11"]
[White "Chuvnik, Mordechai"]
[Black "Reshef, Omer"]
[Result "0-1"]
[WhiteElo "2189"]
[BlackElo "2402"]
[EventDate "2015.02.24"]
[PlyCount "110"]

1.d4 d5 2.c4 c6 3.e3 Nf6 4.Nc3 g6 5.Nf3 Bg7 6.Bd3 O-O 7.O-O Bg4 8.h3 Bxf3 
9.Qxf3 Qd6 10.Qe2 Nbd7 11.Rd1 e5 12.dxe5 Nxe5 13.cxd5 cxd5 14.b3 a6 15.Bb2
Rfd8 16.Rac1 Rac8 17.Bb1 Qe6 18.Na4 Ne4 19.Bd4 h5 20.Nc5 Nxc5 21.Rxc5 Rxc5
22.Bxc5 Rc8 23.Bd4 Nc6 24.Bxg7 Kxg7 25.Qd2 Rd8 26.Qc3+ Qf6 27.Qxf6+ Kxf6 
28.f4 h4 29.Kf2 Ke6 30.e4 dxe4 31.Rxd8 Nxd8 32.Bxe4 f5 33.Bf3 Kd6 34.Ke3 
Kc5 35.a3 b5 36.Be2 Ne6 37.b4+ Kd5 38.Bf3+ Kc4 39.Bb7 Nd4 40.Bxa6 Nc2+ 41.
Kf3 Nxa3 42.g3 Kxb4 43.gxh4 Kc3 44.h5 gxh5 45.Bc8 Nc2 46.Kg3 Nd4 47.Bd7 
Kd3 48.Kh4 b4 49.Ba4 b3 50.Bxb3 Nxb3 51.Kxh5 Ke4 52.Kg6 Nd4 53.h4 Ne2 54.
Kf6 Nxf4 55.Kg5 Ke5 0-1

[Event "16th EUR-ch"]
[Site "Jerusalem ISR"]
[Date "2015.03.08"]
[Round "11"]
[White "Kalka, Arkadius Georg"]
[Black "Gorodetzky, David"]
[Result "1/2-1/2"]
[WhiteElo "2389"]
[BlackElo "2210"]
[EventDate "2015.02.24"]
[PlyCount "106"]

1.Nf3 Nf6 2.c4 e6 3.g3 d5 4.b3 Be7 5.Bg2 O-O 6.O-O c5 7.Bb2 Nc6 8.e3 d4 9.
exd4 cxd4 10.Re1 Ne8 11.Ne5 Nxe5 12.Rxe5 f6 13.Re1 e5 14.f4 exf4 15.gxf4 
Nc7 16.Qf3 Kh8 17.f5 Bd6 18.Bxd4 Be5 19.Bc3 Qd6 20.h3 Rb8 21.Kh1 Qc5 22.d4
Bxd4 23.b4 Qxc4 24.Re4 Nb5 25.Bxd4 Qc1+ 26.Qf1 Qxf1+ 27.Bxf1 Bxf5 28.Rf4 
g5 29.Rxf5 Nxd4 30.Rc5 Ne6 31.Rc1 h5 32.Nc3 f5 33.Re1 Ng7 34.Re7 f4 35.Rd1
Nf5 36.Rc7 Rbc8 37.Rdd7 Rxc7 38.Rxc7 g4 39.hxg4 hxg4 40.Nd5 f3 41.Ne7 Ng3+
42.Kg1 Ne2+ 43.Bxe2 fxe2 44.Ng6+ Kg8 45.Rc1 Re8 46.Re1 Re4 47.Kf2 Kf7 48.
Nh4 Kf6 49.Ng2 Ke5 50.Ne3 Kd4 51.Rxe2 Kd3 52.a3 Rf4+ 53.Ke1 Re4 1/2-1/2

[Event "16th EUR-ch"]
[Site "Jerusalem ISR"]
[Date "2015.03.08"]
[Round "11"]
[White "Bitensky, Igor"]
[Black "Hasidovsky, Michael"]
[Result "1/2-1/2"]
[WhiteElo "2384"]
[BlackElo "2187"]
[EventDate "2015.02.24"]
[PlyCount "97"]

1.Nf3 d5 2.g3 c5 3.Bg2 g6 4.c4 Nf6 5.cxd5 Nxd5 6.Nc3 Nxc3 7.bxc3 Bg7 8.O-O
O-O 9.Rb1 Qc7 10.d4 Nc6 11.Bf4 Qa5 12.d5 Rd8 13.Bd2 Ne5 14.Nxe5 Bxe5 15.
Qc2 Bg7 16.c4 Qc7 17.Rb3 Qd7 18.Bf4 b6 19.d6 Bb7 20.dxe7 Qxe7 21.Re3 Qd7 
22.Rd3 Bd4 23.Bxb7 Qxb7 24.Rfd1 Bf6 25.Rxd8+ Rxd8 26.Rxd8+ Bxd8 27.Qd3 Bf6
28.Qd6 Qe7 29.e4 Qxd6 30.Bxd6 Bd8 31.e5 Kg7 32.Kg2 f5 33.exf6+ Kxf6 34.Kf3
Ke6 35.Bb8 a6 36.a4 Kd7 37.Ke4 Kc6 38.f4 b5 39.cxb5+ axb5 40.axb5+ Kxb5 
41.g4 c4 42.f5 gxf5+ 43.gxf5 c3 44.Kd3 Bf6 45.Bf4 Kc5 46.Bg3 Kd5 47.h3 c2 
48.Kxc2 Ke4 49.Bd6 1/2-1/2

[Event "16th EUR-ch"]
[Site "Jerusalem ISR"]
[Date "2015.03.08"]
[Round "11"]
[White "Slonimskij, Arkadij"]
[Black "Golubov, Saveliy"]
[Result "0-1"]
[WhiteElo "2176"]
[BlackElo "2362"]
[EventDate "2015.02.24"]
[PlyCount "60"]

1.d4 Nf6 2.c4 e6 3.Nf3 d5 4.cxd5 exd5 5.Nc3 c6 6.Bg5 Bf5 7.Qb3 b6 8.e3 Be7
9.Ne5 O-O 10.Be2 h6 11.Bh4 Nfd7 12.Nxd7 Nxd7 13.Bg3 b5 14.O-O Nb6 15.Qd1 
a5 16.a4 bxa4 17.Nxa4 Nxa4 18.Qxa4 Qb6 19.Qa2 Rfc8 20.Rfc1 Ra7 21.Bd1 c5 
22.dxc5 Bxc5 23.Bb3 d4 24.exd4 Bxd4 25.Bc2 Be6 26.Qa4 Qxb2 27.Rab1 Qa2 28.
Rb8 Rxb8 29.Qxd4 Qxc2 30.Qf4 Rb1 0-1

[Event "16th EUR-ch"]
[Site "Jerusalem ISR"]
[Date "2015.03.08"]
[Round "11"]
[White "Soltanici, Ruslan"]
[Black "Kraus, Yair"]
[Result "1-0"]
[WhiteElo "2350"]
[BlackElo "2129"]
[EventDate "2015.02.24"]
[PlyCount "73"]

1.e4 c5 2.Nf3 d6 3.d4 cxd4 4.Nxd4 Nf6 5.Nc3 e6 6.Be3 Be7 7.f3 O-O 8.Qd2 e5
9.Nb3 Be6 10.O-O-O a5 11.Bb5 Na6 12.Qe2 Qb8 13.g4 Rc8 14.g5 Ne8 15.Kb1 
Nec7 16.Bd3 b5 17.Nxb5 a4 18.Nc1 d5 19.c3 dxe4 20.fxe4 Qb7 21.Nxc7 Rxc7 
22.Qd2 Rb8 23.Ka1 Qc6 24.Ne2 Rcb7 25.Rb1 Bc5 26.Bxa6 Qxa6 27.Bxc5 Qc4 28.
b4 axb3 29.Bb4 Ra8 30.Rb2 Rba7 31.Nc1 Qxe4 32.Re1 Qf5 33.Qe3 f6 34.Rg1 Kh8
35.gxf6 gxf6 36.Qh6 bxa2 37.Bf8 1-0

[Event "16th EUR-ch"]
[Site "Jerusalem ISR"]
[Date "2015.03.08"]
[Round "11"]
[White "Lahav, Michal"]
[Black "Mordechai, Hanan"]
[Result "1/2-1/2"]
[WhiteElo "1886"]
[BlackElo "2331"]
[EventDate "2015.02.24"]
[PlyCount "63"]

1.e4 c5 2.Nf3 g6 3.c3 Bg7 4.d4 cxd4 5.cxd4 d5 6.e5 Nc6 7.Nc3 Nh6 8.Be2 O-O
9.O-O Nf5 10.g4 Nh6 11.h3 f6 12.exf6 exf6 13.Be3 f5 14.g5 Nf7 15.Bf4 Be6 
16.Re1 Nd6 17.Bb5 Ne4 18.h4 Qb6 19.Bxc6 bxc6 20.Rb1 Rfe8 21.Be5 Bc8 22.Na4
Qd8 23.Rc1 Bd7 24.Nc5 Bf8 25.b4 a5 26.a3 axb4 27.axb4 Ra2 28.Qb3 Bxc5 29.
Qxa2 Bxb4 30.Re3 Qe7 31.Rb3 f4 32.Nh2 1/2-1/2

[Event "16th EUR-ch"]
[Site "Jerusalem ISR"]
[Date "2015.03.08"]
[Round "11"]
[White "Ciobanu, Camelia-Adriana"]
[Black "Vasiliev, Olga"]
[Result "1-0"]
[WhiteElo "2152"]
[BlackElo "2296"]
[EventDate "2015.02.24"]
[PlyCount "101"]

1.d4 d5 2.c4 dxc4 3.Nf3 c6 4.g3 b5 5.Bg2 Bb7 6.a4 a6 7.O-O e6 8.Ne5 Ne7 9.
axb5 axb5 10.Rxa8 Bxa8 11.b3 cxb3 12.Ba3 Nd5 13.Bxf8 Kxf8 14.Qxb3 Bb7 15.
Qa3+ Kg8 16.Qa7 Qc7 17.Rc1 f6 18.Nd3 Na6 19.e4 Qb6 20.Qxb6 Nxb6 21.Nc5 
Nxc5 22.dxc5 Nd7 23.Rd1 Nf8 24.Rd8 b4 25.Bf1 h5 26.Rb8 h4 27.Rxb7 hxg3 28.
hxg3 Rh5 29.Bc4 Rxc5 30.Nd2 Kh7 31.Rxb4 f5 32.f4 Ra5 33.e5 g5 34.Rb8 Kg7 
35.Kf2 Ra3 36.Rb7+ Kg6 37.Rc7 gxf4 38.gxf4 Rc3 39.Rxc6 Kg7 40.Rc7+ Kh6 41.
Re7 Ng6 42.Rxe6 Kg7 43.Rf6 Nxf4 44.Rxf5 Nh3+ 45.Kg2 Rc2 46.Kxh3 Rxd2 47.
Kg3 Kg6 48.Rf2 Rd1 49.e6 Rg1+ 50.Kh2 Re1 51.Be2 1-0

[Event "16th EUR-ch"]
[Site "Jerusalem ISR"]
[Date "2015.03.08"]
[Round "11"]
[White "Kogan, Artur"]
[Black "Kerner, Michael"]
[Result "1-0"]
[WhiteElo "2555"]
[BlackElo "2063"]
[EventDate "2015.02.24"]
[PlyCount "69"]

1.e4 c5 2.b4 cxb4 3.a3 bxa3 4.d4 g6 5.Nf3 Bg7 6.Bc4 d6 7.O-O Nf6 8.e5 dxe5
9.Nxe5 O-O 10.c3 Qc7 11.Nxa3 a6 12.Qb3 e6 13.Be2 Nc6 14.Nac4 b5 15.Nxc6 
bxc4 16.Qxc4 Bb7 17.Na5 Qxc4 18.Bxc4 Bd5 19.Be2 Ne4 20.Ra3 Rac8 21.c4 Ba8 
22.Be3 Rfd8 23.Rd1 Rb8 24.c5 Rb2 25.Kf1 Bf8 26.f3 Nf6 27.Nc4 Rb4 28.Bg5 
Kg7 29.Rxa6 Bd5 30.Ne5 Bb3 31.Rb1 Rdxd4 32.Nc6 Bc4 33.Nxb4 Bxa6 34.Bxf6+ 
Kxf6 35.Nxa6 1-0

[Event "16th EUR-ch"]
[Site "Jerusalem ISR"]
[Date "2015.03.08"]
[Round "11"]
[White "Tifferet, Shaked"]
[Black "Manakova, Maria"]
[Result "0-1"]
[WhiteElo "2001"]
[BlackElo "2318"]
[EventDate "2015.02.24"]
[PlyCount "64"]

1.e4 e6 2.d4 d5 3.Nc3 Nf6 4.Bg5 dxe4 5.Nxe4 Be7 6.Bxf6 Bxf6 7.Nf3 Bd7 8.
Nxf6+ Qxf6 9.Qd2 c5 10.Ne5 O-O 11.Nxd7 Nxd7 12.O-O-O Rfd8 13.Qe3 Nb6 14.
dxc5 Rxd1+ 15.Kxd1 Nd5 16.Qb3 Qxf2 17.Bd3 Qxg2 18.Re1 Rd8 19.Qc4 Qf2 20.
Qe4 g6 21.Kc1 Qxc5 22.a3 b5 23.h4 b4 24.axb4 Nxb4 25.Bc4 Rd4 26.Qa8+ Kg7 
27.b3 Qa5 28.Kb2 Nxc2 29.Rxe6 fxe6 30.Qb7+ Kh6 31.Qf3 Qa3+ 32.Kc3 Rxc4+ 
0-1

[Event "16th EUR-ch"]
[Site "Jerusalem ISR"]
[Date "2015.03.08"]
[Round "11"]
[White "Aharon, Ofir"]
[Black "Vardi, Shlomit"]
[Result "1-0"]
[WhiteElo "2311"]
[BlackElo "1945"]
[EventDate "2015.02.24"]
[PlyCount "79"]

1.e4 d6 2.d4 Nf6 3.Nc3 g6 4.f4 Bg7 5.Nf3 O-O 6.Bd3 Na6 7.O-O c5 8.d5 Nc7 
9.a4 a6 10.Qe1 e6 11.dxe6 fxe6 12.e5 Nfd5 13.exd6 Qxd6 14.Ne4 Qe7 15.Ne5 
Nb4 16.Be3 b6 17.a5 Ncd5 18.axb6 Nxd3 19.cxd3 Nxe3 20.Qxe3 Qd8 21.Qxc5 Rb8
22.Rac1 Qxb6 23.b4 Kh8 24.Rc4 Qxc5+ 25.bxc5 a5 26.Ra4 Rb5 27.g3 g5 28.d4 
gxf4 29.Rxf4 Rxf4 30.gxf4 Rb4 31.Rxa5 Rxd4 32.Nd6 Rxf4 33.Nef7+ Kg8 34.Ra8
Bd4+ 35.Kg2 Rf2+ 36.Kh3 e5+ 37.Rxc8+ Kg7 38.Ng5 Kg6 39.Nge4 Rc2 40.Rg8+ 
1-0

[Event "16th EUR-ch"]
[Site "Jerusalem ISR"]
[Date "2015.03.08"]
[Round "11"]
[White "Parkhov, Yair"]
[Black "Schnabel, Ralf"]
[Result "0-1"]
[WhiteElo "1997"]
[BlackElo "2223"]
[EventDate "2015.02.24"]
[PlyCount "126"]

1.d4 f5 2.g3 Nf6 3.Bg2 g6 4.Nh3 Bg7 5.Nf4 Nc6 6.Nc3 e5 7.dxe5 Nxe5 8.h4 
Nf7 9.O-O O-O 10.e4 c6 11.exf5 gxf5 12.Nh5 Nxh5 13.Qxh5 d5 14.Ne2 Qd6 15.
Nf4 b5 16.Nd3 Bd7 17.Bf4 Qg6 18.Qxg6 hxg6 19.Rfe1 Rfe8 20.Kf1 Rxe1+ 21.
Rxe1 Re8 22.c3 a5 23.Rxe8+ Bxe8 24.Ke2 Kf8 25.Bc7 a4 26.Nf4 Ke7 27.Nxg6+ 
Kd7 28.Bf4 a3 29.bxa3 Bxc3 30.Bh3 Ke6 31.h5 Kf6 32.Nh4 Bd7 33.Nf3 c5 34.h6
Be6 35.h7 c4 36.Ng5 Nh8 37.Nxe6 Kxe6 38.g4 Kf6 39.gxf5 d4 40.Bg2 d3+ 41.
Kd1 Kxf5 42.Be3 Bb2 43.Kd2 Nf7 44.Bc6 Ke6 45.Bc5 Ng5 46.Bb4 Nxh7 47.Bc3 
Bxa3 48.Bxb5 Kd5 49.f4 Bd6 50.Ke3 Bc5+ 51.Kf3 Bd4 52.Be1 Nf6 53.a4 Kc5 54.
Bf2 Bxf2 55.Kxf2 Kd4 56.a5 c3 57.a6 c2 58.a7 Ne4+ 59.Kg2 c1=Q 60.a8=Q Qb2+
61.Kh3 Qxb5 62.Qa1+ Ke3 63.Qg1+ Kxf4 0-1

[Event "16th EUR-ch"]
[Site "Jerusalem ISR"]
[Date "2015.03.08"]
[Round "11"]
[White "Toporkova, Sofia"]
[Black "Drori, Saar"]
[Result "1-0"]
[WhiteElo "1962"]
[BlackElo "2173"]
[EventDate "2015.02.24"]
[PlyCount "75"]

1.d4 Nf6 2.c4 e6 3.Nc3 Bb4 4.e3 O-O 5.Ne2 Re8 6.a3 Bf8 7.e4 d6 8.f3 Nbd7 
9.Be3 c5 10.dxc5 dxc5 11.Qc2 a6 12.O-O-O Qc7 13.f4 e5 14.h3 Bd6 15.f5 Rb8 
16.Qd3 Bf8 17.g4 h6 18.a4 b6 19.Rg1 Bb7 20.h4 Rbd8 21.g5 hxg5 22.hxg5 Nb8 
23.Qc2 Rxd1+ 24.Kxd1 Rd8+ 25.Kc1 Ne8 26.Ng3 f6 27.Qh2 Kf7 28.Qh7 Qd6 29.
Be2 Ke7 30.Nh5 Nd7 31.Rd1 Qc7 32.Qg8 Rc8 33.gxf6+ gxf6 34.Qe6+ Kd8 35.Nxf6
Nd6 36.Nfd5 Bxd5 37.Nxd5 Qb8 38.Bg5+ 1-0

[Event "16th EUR-ch"]
[Site "Jerusalem ISR"]
[Date "2015.03.08"]
[Round "11"]
[White "Gal, Moshe"]
[Black "Shohat, Yotam"]
[Result "1/2-1/2"]
[WhiteElo "2154"]
[BlackElo "1903"]
[EventDate "2015.02.24"]
[PlyCount "71"]

1.e4 c5 2.Nf3 Nc6 3.d4 cxd4 4.Nxd4 g6 5.Nc3 Bg7 6.Nde2 Nf6 7.g3 O-O 8.Bg2 
d6 9.O-O Bd7 10.h3 a6 11.a4 Rc8 12.Nd5 Nxd5 13.exd5 Na5 14.Ra2 b5 15.axb5 
axb5 16.b3 Qc7 17.Be3 Ra8 18.Bd4 Bxd4 19.Nxd4 b4 20.Qa1 Rfc8 21.Re1 Be8 
22.c4 bxc3 23.b4 Qc4 24.bxa5 Qxd4 25.Rxe7 Qb4 26.Re1 Bb5 27.Rc1 Bd3 28.a6 
c2 29.a7 Qc5 30.Ra3 Qc4 31.Ra4 Qc3 32.Ra3 Qxa1 33.Raxa1 Rc7 34.Bf1 Be4 35.
Bg2 Bd3 36.Bf1 1/2-1/2

[Event "16th EUR-ch"]
[Site "Jerusalem ISR"]
[Date "2015.03.08"]
[Round "11"]
[White "Bronstein, Or"]
[Black "Kunin, Michael"]
[Result "0-1"]
[WhiteElo "1944"]
[BlackElo "2147"]
[EventDate "2015.02.24"]
[PlyCount "52"]

1.e4 g6 2.d4 c6 3.Bd3 Bg7 4.Ne2 d5 5.e5 c5 6.c3 Nc6 7.O-O Nh6 8.b3 O-O 9.
Bb2 Qb6 10.Nd2 Bg4 11.Nf3 f6 12.Nf4 fxe5 13.Nxd5 Qd8 14.dxc5 Bxf3 15.gxf3 
e6 16.Ne3 e4 17.Bxe4 Qh4 18.Kg2 Rf7 19.Qe2 Ne5 20.Nc4 Raf8 21.Nxe5 Bxe5 
22.Rh1 Ng4 23.Raf1 Nxh2 24.Bc1 g5 25.Bxh7+ Rxh7 26.Qxe5 Qh3+ 0-1

[Event "16th EUR-ch"]
[Site "Jerusalem ISR"]
[Date "2015.03.08"]
[Round "11"]
[White "Iliaguev, Nisim"]
[Black "Ben-Natan, Yigal"]
[Result "1/2-1/2"]
[WhiteElo "1926"]
[BlackElo "2138"]
[EventDate "2015.02.24"]
[PlyCount "115"]

1.e4 c5 2.Nf3 Nc6 3.Bb5 g6 4.O-O Bg7 5.Re1 Nf6 6.e5 Nd5 7.Nc3 Nc7 8.Bc4 
O-O 9.d3 d5 10.exd6 exd6 11.Bg5 Qd7 12.Qd2 b6 13.Bh6 Bb7 14.Bxg7 Kxg7 15.
Nd5 Nxd5 16.Bxd5 Nb4 17.Bxb7 Qxb7 18.d4 Qd5 19.c3 Nc6 20.Qf4 cxd4 21.Red1 
Rfe8 22.b3 Re4 23.c4 Qe6 24.Qg5 f5 25.Qd2 Qf6 26.Ng5 Re7 27.Nf3 Rae8 28.h3
Re4 29.a3 Re2 30.Qd3 Rb2 31.Nd2 Qe6 32.Kf1 Qf6 33.b4 a6 34.Re1 Rc8 35.Rac1
Nd8 36.c5 Rxd2 37.Qxd2 dxc5 38.bxc5 bxc5 39.Re8 Rc7 40.Rce1 c4 41.Qa5 Rd7 
42.Qc5 c3 43.Qc8 Qd6 44.Kg1 a5 45.a4 Kh6 46.Qc4 Nf7 47.Qd3 Rc7 48.R8e6 Qf4
49.R1e2 Ng5 50.Re8 Qc1+ 51.Kh2 c2 52.Qg3 Qd1 53.Qh4+ Kg7 54.Qxg5 Qxe2 55.
Rxe2 c1=Q 56.Re7+ Kg8 57.Re8+ Kf7 58.Re7+ 1/2-1/2

[Event "16th EUR-ch"]
[Site "Jerusalem ISR"]
[Date "2015.03.08"]
[Round "11"]
[White "Cohen, Itay"]
[Black "Vaisberg, Michael"]
[Result "0-1"]
[WhiteElo "1871"]
[BlackElo "2136"]
[EventDate "2015.02.24"]
[PlyCount "160"]

1.e4 e6 2.d4 d5 3.Nd2 Nc6 4.Ngf3 Nf6 5.e5 Nd7 6.Be2 f6 7.exf6 Qxf6 8.Nf1 
Bd6 9.Ne3 O-O 10.c3 Ne7 11.O-O c6 12.h3 Ng6 13.Ng4 Qe7 14.Bd3 Nf4 15.Re1 
Nf6 16.Nge5 Nxd3 17.Qxd3 Ne4 18.Re2 Bd7 19.Nxd7 Qxd7 20.Ne5 Bxe5 21.dxe5 
Qe7 22.f3 Ng3 23.Re1 c5 24.Be3 Nf5 25.Rad1 Rad8 26.Qb5 b6 27.Bf2 Qg5 28.
Qa4 Rf7 29.a3 Rdf8 30.Qc6 Qg6 31.Kh1 h6 32.a4 Ne7 33.Qb5 Qh5 34.Qf1 Ng6 
35.Bg3 Qg5 36.Qf2 Rf5 37.a5 Nxe5 38.f4 Qg6 39.axb6 axb6 40.Qe3 Nc4 41.
Qxe6+ Qxe6 42.Rxe6 Nxb2 43.Rde1 Nd3 44.R1e3 Nxf4 45.Bxf4 Rxf4 46.Rxb6 Rd8 
47.Rc6 d4 48.cxd4 cxd4 49.Rd3 Kf7 50.g3 Re4 51.Kg2 Re6 52.Rc4 Red6 53.Kf3 
Kf6 54.Ke4 Re8+ 55.Kf3 Red8 56.Ke4 Re6+ 57.Kf3 Ke5 58.Ra4 Rf6+ 59.Ke2 Ke4 
60.Rc3 Kf5 61.Ra5+ Kg6 62.Rd3 Re8+ 63.Kd1 Rf1+ 64.Kd2 Rf2+ 65.Kd1 Re3 66.
Rxd4 Rxg3 67.Ke1 Rh2 68.Rg4+ Rxg4 69.Ra6+ Kg5 70.hxg4 Rg2 71.Ra7 g6 72.Kf1
Rxg4 73.Kf2 Rf4+ 74.Kg3 Rf5 75.Ra6 Rb5 76.Ra3 h5 77.Rc3 h4+ 78.Kh3 Kh5 79.
Rd3 g5 80.Rd4 g4+ 0-1

[Event "16th EUR-ch"]
[Site "Jerusalem ISR"]
[Date "2015.03.08"]
[Round "11"]
[White "Globus, Or"]
[Black "Henseler, Jorgen"]
[Result "1/2-1/2"]
[WhiteElo "1862"]
[BlackElo "2123"]
[EventDate "2015.02.24"]
[PlyCount "42"]

1.Nf3 Nf6 2.c4 c6 3.Nc3 d5 4.cxd5 cxd5 5.d4 Nc6 6.Bf4 Ne4 7.e3 Nxc3 8.bxc3
e6 9.Bb5 Bd7 10.O-O Be7 11.Qb3 O-O 12.Bxc6 Bxc6 13.Ne5 Bd6 14.Nxc6 bxc6 
15.Bxd6 Qxd6 16.c4 Rfb8 17.Qc2 Rb4 18.c5 Qc7 19.Rab1 Rab8 20.Rxb4 Rxb4 21.
Rb1 Qa5 1/2-1/2

[Event "16th EUR-ch"]
[Site "Jerusalem ISR"]
[Date "2015.03.08"]
[Round "11"]
[White "Bar, Aviv"]
[Black "Altshul, Limor"]
[Result "1/2-1/2"]
[WhiteElo "2130"]
[BlackElo "1887"]
[EventDate "2015.02.24"]
[PlyCount "35"]

1.c4 Nf6 2.d4 e6 3.Nc3 Bb4 4.e3 O-O 5.Ne2 Re8 6.a3 Bf8 7.Ng3 d5 8.cxd5 
exd5 9.Be2 b6 10.b4 Bb7 11.O-O Nbd7 12.Bf3 Ne4 13.Bb2 Ndf6 14.Ngxe4 dxe4 
15.Be2 c5 16.dxc5 bxc5 17.b5 Qc7 18.Bc4 1/2-1/2

[Event "16th EUR-ch"]
[Site "Jerusalem ISR"]
[Date "2015.03.08"]
[Round "11"]
[White "Westreich, Itay"]
[Black "Aronin, Pavel"]
[Result "1-0"]
[WhiteElo "1929"]
[BlackElo "2085"]
[EventDate "2015.02.24"]
[PlyCount "97"]

1.e4 c5 2.Nf3 e6 3.Nc3 Nc6 4.d4 cxd4 5.Nxd4 Qc7 6.g3 a6 7.Bg2 d6 8.O-O Bd7
9.Nde2 Nf6 10.Bf4 Be7 11.Qd2 O-O 12.Rad1 Ne5 13.b3 Rfd8 14.h3 b5 15.a3 Bc6
16.g4 Ng6 17.Bg3 Qb7 18.Qe3 Rac8 19.Nd4 e5 20.Nf5 Bf8 21.Rd3 d5 22.exd5 
Nxd5 23.Nxd5 Bxd5 24.Rxd5 Rxd5 25.Qe4 Bxa3 26.c4 bxc4 27.bxc4 Rd7 28.Qxb7 
Rxb7 29.Bxb7 Rxc4 30.Bxa6 Rc5 31.Rb1 Rc1+ 32.Rxc1 Bxc1 33.h4 f6 34.Kg2 Nf8
35.Bc4+ Kh8 36.Nd6 g6 37.Ne8 Nd7 38.g5 fxg5 39.Be6 gxh4 40.Bxh4 h5 41.Bxd7
e4 42.Bf6+ Kg8 43.Bd4 Kf7 44.Nf6 Ke7 45.Be8 e3 46.fxe3 Bxe3 47.Bxe3 Kxf6 
48.Kg3 Kf5 49.Kh4 1-0

[Event "16th EUR-ch"]
[Site "Jerusalem ISR"]
[Date "2015.03.08"]
[Round "11"]
[White "Sassoon, Roei"]
[Black "Bochkarev, Yuriy"]
[Result "0-1"]
[WhiteElo "1896"]
[BlackElo "2076"]
[EventDate "2015.02.24"]
[PlyCount "66"]

1.e4 d6 2.d4 e5 3.Nf3 exd4 4.Qxd4 Nc6 5.Bb5 Bd7 6.Bxc6 Bxc6 7.Bg5 Nf6 8.
Nc3 Be7 9.h4 h6 10.Be3 Qd7 11.O-O-O Ng4 12.Rhe1 Bf6 13.Qd2 O-O-O 14.Nd4 
Bxh4 15.g3 Bf6 16.Nxc6 Qxc6 17.Bd4 Ne5 18.Qe2 Nd7 19.Nb5 Bxd4 20.Rxd4 Kb8 
21.a4 Nc5 22.Rc4 a6 23.Nd4 Qd7 24.Qd2 Ne6 25.Re3 d5 26.Rb4 dxe4 27.Rxe4 c5
28.Rb6 cxd4 29.Qa5 Qd5 30.Qe1 d3 31.cxd3 Qxd3 32.Rxb7+ Kxb7 33.Qb4+ Ka8 
0-1

[Event "16th EUR-ch"]
[Site "Jerusalem ISR"]
[Date "2015.03.08"]
[Round "11"]
[White "Nareznoy, David"]
[Black "Adar, Idan"]
[Result "0-1"]
[WhiteElo "2069"]
[BlackElo "1912"]
[EventDate "2015.02.24"]
[PlyCount "82"]

1.e4 c5 2.Nf3 d6 3.d4 cxd4 4.Nxd4 Nf6 5.Nc3 a6 6.Bg5 e6 7.f4 Be7 8.Qf3 Qc7
9.O-O-O Nbd7 10.g4 b5 11.Bxf6 Bxf6 12.Bxb5 axb5 13.Ndxb5 Qb8 14.e5 dxe5 
15.Qxa8 Qxa8 16.Nc7+ Ke7 17.Nxa8 Bb7 18.g5 Bxh1 19.gxf6+ gxf6 20.Rxh1 Rxa8
21.fxe5 fxe5 22.b4 Nb6 23.Re1 Ra3 24.Re3 Nc4 25.Rh3 h5 26.Kd1 f5 27.Ke2 e4
28.b5 Kd6 29.Rg3 h4 30.Rh3 Kc5 31.Nxe4+ fxe4 32.Rxa3 Nxa3 33.b6 Kxb6 34.
Ke3 Kc5 35.Kxe4 Kd6 36.Kf4 Kd5 37.Kg4 Ke4 38.Kxh4 Kf4 39.Kh3 Kf3 40.Kh4 e5
41.c4 Nxc4 0-1

[Event "16th EUR-ch"]
[Site "Jerusalem ISR"]
[Date "2015.03.08"]
[Round "11"]
[White "Zlotogorski, Itay"]
[Black "Freiman, Mark"]
[Result "1-0"]
[WhiteElo "2033"]
[BlackElo "1873"]
[EventDate "2015.02.24"]
[PlyCount "67"]

1.e4 e6 2.d4 d5 3.exd5 exd5 4.Bd3 Nf6 5.Ne2 Bd6 6.Bg5 O-O 7.Qd2 c6 8.Nbc3 
b5 9.h3 a5 10.O-O b4 11.Nd1 Re8 12.Ng3 h6 13.Bh4 Nbd7 14.Ne3 Qc7 15.Ngf5 
Bf4 16.Bg3 Nh5 17.Qe2 Ndf6 18.Qf3 Be6 19.Rae1 Rad8 20.Bh4 Bg5 21.Bxg5 hxg5
22.g3 g6 23.Nh6+ Kg7 24.Nhg4 Qc8 25.Kg2 Ne4 26.Qd1 f6 27.Bxe4 dxe4 28.c3 
f5 29.Ne5 f4 30.N3g4 c5 31.Qa4 cxd4 32.cxd4 Rxd4 33.Rc1 Qa8 34.Rc7+ 1-0

[Event "16th EUR-ch"]
[Site "Jerusalem ISR"]
[Date "2015.03.08"]
[Round "11"]
[White "Gorodetzky, Matan"]
[Black "Cohen Revivo, Alon"]
[Result "0-1"]
[WhiteElo "1733"]
[BlackElo "2022"]
[EventDate "2015.02.24"]
[PlyCount "70"]

1.e4 e6 2.d4 d5 3.Nd2 Nc6 4.c3 e5 5.exd5 Qxd5 6.Qf3 Qxf3 7.Ngxf3 exd4 8.
Nxd4 Nxd4 9.cxd4 Be6 10.Be2 O-O-O 11.Nf3 Bb4+ 12.Kf1 Ne7 13.Be3 Kb8 14.h4 
h6 15.h5 Nf5 16.Rg1 f6 17.g4 Ne7 18.Nh4 Rhe8 19.Kg2 Bd5+ 20.Bf3 Bxf3+ 21.
Nxf3 Nd5 22.a3 Ba5 23.b4 Bb6 24.Rge1 Re4 25.Kg3 c6 26.Nd2 Bc7+ 27.Kf3 Re7 
28.Rac1 Rf8 29.Nf1 f5 30.g5 f4 31.Bd2 Rxe1 32.Rxe1 hxg5 33.Re6 Nf6 34.Re7 
g4+ 35.Kg2 Nxh5 0-1